| 000 | 00515nam a22001937a 4500 | ||
|---|---|---|---|
| 003 | CEME | ||
| 005 | 20210628202145.0 | ||
| 008 | 210226b xxu||||| |||| 00| 0 eng d | ||
| 020 | _a0-7506-1741-1 | ||
| 040 | _c. | ||
| 082 | _a621.462 HUG | ||
| 100 |
_aHughes, Austin _958500 |
||
| 245 | _aElectric motors and drives, fundamentals, types and applications | ||
| 250 | _a2ND | ||
| 260 |
_aOXFORD _bNEWNES _c2001 |
||
| 300 | _aXVIII,338P | ||
| 650 |
_aELECTRIC DRIVES. ELECTRIC MOTORS _958501 |
||
| 942 |
_cBK _2ddc |
||
| 999 |
_c568692 _d568692 |
||